ბათუმის შოთა რუსთაველის სახელმწიფო უნივერსიტეტის ბიბლიოთეკა

Конституционное право зарубежных стран . (ბიბ.ჩანაწერი № 36025)

000 -LEADER
fixed length control field 00695nam a2200241Ia 4500
001 - CONTROL NUMBER
control field 1924
003 - CONTROL NUMBER IDENTIFIER
control field GE_BSU
008 - FIXED-LENGTH DATA ELEMENTS--GENERAL INFORMATION
fixed length control field 181216s||||||||xx |||||||||||||| ||und||
020 ## - INTERNATIONAL STANDARD BOOK NUMBER
International Standard Book Number 591203082
040 ## - CATALOGING SOURCE
Transcribing agency GE_BSU
080 ## - UNIVERSAL DECIMAL CLASSIFICATION NUMBER
Universal Decimal Classification number 342.4(1-87))075.8)
100 ## - MAIN ENTRY--PERSONAL NAME
Personal name Якушев,А.В
245 ## - TITLE STATEMENT
Title Конституционное право зарубежных стран .
245 ## - TITLE STATEMENT
Remainder of title Конспект лукций.
260 ## - PUBLICATION, DISTRIBUTION, ETC.
Place of publication, distribution, etc. Москва
260 ## - PUBLICATION, DISTRIBUTION, ETC.
Name of publisher, distributor, etc. Приор
260 ## - PUBLICATION, DISTRIBUTION, ETC.
Date of publication, distribution, etc. 2005
300 ## - PHYSICAL DESCRIPTION
Extent 416 с. 16 см.
520 ## - SUMMARY, ETC.
Summary, etc. В помощь студенту
653 ## - INDEX TERM--UNCONTROLLED
Uncontrolled term Конституционное право зарубежных стран
942 ## - ADDED ENTRY ELEMENTS (KOHA)
Koha item type წიგნი
ეგზემპლარები
Withdrawn status Lost status Damaged status Not for loan Date acquired Barcode Date last seen Price effective from Koha item type
        2018-12-17 3769 2018-12-17 2018-12-17 წიგნი